000 00306pab a2200133 454500
008 180718b1991 xxu||||| |||| 00| 0 eng d
245 _aEnergy sixth person an Indian (census - 1991)
260 _c1991
300 _a4-8
362 _a31 May
650 _aCensus - India
773 _aYojana
909 _a5202
999 _c5202
_d5202